000 00389nam a2200145 i 4500
001 134050
003 ES-MaACL
005 20230906194603.0
007 t|
008 070905s1915 xxk ||||1| spa d
100 1 _aWard, Wilfrid.
_9116086
245 1 0 _aInglaterra y la guerra actual /
_cWilfrid Ward.
260 _aLondon :
_bEyre y Spottiswoode,
_c1915.
852 _aES-MaACL
_j1502-F-21
999 _c134050
_d134050